[Event "Lotto POL-ch 2018"]
[Site "Warsaw"]
[Date "2018.05.19"]
[Round "8"]
[White "Bartel, Mateusz"]
[Black "Gajewski, Grzegorz"]
[Result "0-1"]
[WhiteElo "2604"]
[BlackElo "2599"]
[Annotator "TA"]
[PlyCount "54"]
[EventDate "2018.??.??"]
[EventType "tourn"]
[EventCountry "POL"]
[SourceTitle "playchess.com"]
[Source "ChessBase"]
[SourceQuality "1"]

{[%evp 12,53,4,3,8,2,37,26,35,23,47,8,59,62,72,-23,-7,-11,12,-11,-13,-5,-2,-50,-37,-49,-59,-602,-587,-517,-499,-1131,-1107,-1943,-1854,-29988,-29989,-29990,-29991,-29991,-29992,-29998,-29999,-29999]} 1. e4 e5 2. Nf3 Nf6 3. Nxe5 d6 4. Nc4 Nxe4 5. Qe2 Qe7 6. Ne3 c6 {C42: Russische Verteidigung (Petrow)} 7. b3 {LiveBook: 9 Partien} Be6 8. Bb2 Nd7 {Die Stellung ist ausgeglichen.} 9. g3 d5 10. Bg2 O-O-O $146 ({Vorgänger:} 10... Ndf6 11. O-O Qd8 12. d3 Nd6 13. f4 Be7 14. f5 {1-0 (38) Rapport,R (2715)-Malek,D (2403) Karlsruhe 2018}) 11. c4 d4 (11... Nef6 $11) 12. Bxe4 $14 dxe3 13. fxe3 (13. dxe3 $16 Bh3 14. Nd2) 13... Nc5 $11 14. Bc2 h5 $1 15. Nc3 Bg4 $36 {[%mdl 2048] Schwarz hat Druck.} 16. Qf2 h4 17. d4 hxg3 18. Qxg3 f5 {[#] zielt auf ...Th3 ab.} 19. O-O $2 {[%mdl 8192]} ({Aber nicht} 19. dxc5 $2 Rh3 $19) (19. h3 $15 Rxd4 20. Nd5 Rxd5 21. cxd5) 19... Rh3 $19 20. Qf2 Qg5 {( -> ...Lf3+)} 21. Qf4 {[#]} (21. Qg2 $142 Qxe3+ 22. Qf2) 21... Qg6 $1 22. Kh1 Ne6 23. Bxf5 Bxf5 {Schwarz setzt Matt.} 24. Qxf5 Rxh2+ 25. Kxh2 Bd6+ 26. Kh1 Rh8+ 27. Qh3 Rxh3# {Precision: Weiß = 31%, Schwarz = 69%.} 0-1

[Event "Lotto POL-ch 2018"]
[Site "Warsaw"]
[Date "2018.05.19"]
[Round "8"]
[White "Socko, Bartosz"]
[Black "Tomczak, Jacek"]
[Result "1-0"]
[WhiteElo "2593"]
[BlackElo "2589"]
[Annotator "TA"]
[PlyCount "79"]
[EventDate "2018.??.??"]
[EventType "tourn"]
[EventCountry "POL"]
[SourceTitle "playchess.com"]
[Source "ChessBase"]
[SourceQuality "1"]

{[%evp 24,79,-8,-13,0,10,10,10,13,20,42,33,43,40,61,16,0,0,0,-11,0,-7,0,0,0,-21,-14,-26,11,7,8,4,13,0,0,8,83,76,60,53,139,139,227,201,330,341,316,273,290,269,391,401,608,614,539,267,29998,29999]} 1. e4 c5 2. Nf3 d6 3. d4 cxd4 4. Nxd4 Nf6 5. Nc3 a6 6. Be3 e5 7. Nb3 Be6 8. Qd2 Nbd7 9. O-O-O {B90: Sicilian Najdorf: Unusual White 6th moves, 6 Be3 Ng4 and 6 Be3 e5} Rc8 (9... Be7 10. f4 b5 11. Kb1 Qc7 12. h3 Nb6 13. Bxb6 Qxb6 14. Bd3 exf4 15. Qxf4 O-O 16. Nd5 Bxd5 17. exd5 {½-½ (39) Wei,Y (2728)-Areshchenko,A (2649) Khanty-Mansiysk 2017}) 10. f4 b5 11. f5 Bc4 12. Kb1 Be7 13. Rg1 {LiveBook: 7 Games} Ng4 14. Bxc4 bxc4 $146 ({Predecessor:} 14... Rxc4 15. Qe2 Rxc3 16. bxc3 Nxe3 17. Qxe3 {0-1 (42) Grimm,D (2221)-Duda,J (2468) Budapest 2013}) 15. Nc1 {[%cal Bb3c1,Bc1e2,Be2c3,Bc3d5][%mdl 32]} O-O 16. N1e2 Nxh2 17. Nd5 Ng4 18. Nec3 $1 Ndf6 19. Nxf6+ Bxf6 20. Qe2 Nxe3 21. Qxe3 Bg5 22. Qa7 Rc6 23. Nd5 Qb8 24. Qxb8 (24. Qf2 {seems wilder.} Qd8 25. Qa7) 24... Rxb8 25. c3 Kf8 26. Kc2 Ke8 27. b4 cxb3+ 28. axb3 a5 29. Ra1 Bd8 (29... Rc5 $11 {keeps the balance.}) 30. Rh1 $36 {[%mdl 2048] White is on the roll.} h6 31. f6 $1 {[%cal Rf6g7]} Bxf6 ({Black should try} 31... Kf8 $1 $14) 32. Rxa5 Bd8 (32... Rb7 $16) 33. Ra7 $18 {[%mdl 1024] White has strong compensation.} Bb6 (33... Kf8 $142 34. Rf1 f6) 34. Ra6 Kd7 35. b4 Bd8 36. Ra7+ Ke6 (36... Ke8 $142 37. Rf1 Bf6) 37. Rf1 f6 (37... Rc4 $142 38. Kd3 Rbc8 39. Raxf7 Rxe4 40. Kxe4 Rc4+ 41. Kd3 Kxd5 42. Rxg7 Bg5) 38. Rxg7 Ra8 39. Kb3 (39. Kd2 $142) 39... Rca6 $2 {[#]} (39... Rac8 $18 40. Rh7 Rc4) 40. Rxf6+ $1 {[%mdl 512] Precision: White = 85%, Black = 28%.} 1-0

[Event "Lotto POL-ch 2018"]
[Site "Warsaw"]
[Date "2018.05.19"]
[Round "8"]
[White "Sadzikowski, Daniel"]
[Black "Mista, Aleksander"]
[Result "1-0"]
[WhiteElo "2588"]
[BlackElo "2590"]
[Annotator "TA"]
[PlyCount "117"]
[EventDate "2018.??.??"]
[EventType "tourn"]
[EventCountry "POL"]
[SourceTitle "playchess.com"]
[Source "ChessBase"]
[SourceQuality "1"]

{[%evp 18,117,33,27,27,15,36,29,36,35,48,21,39,0,0,-8,0,-23,-29,-27,-24,-68,-50,-56,35,23,52,65,34,-6,40,38,38,46,83,84,95,68,104,91,92,75,75,75,75,60,58,45,59,45,52,56,56,56,54,0,135,109,121,97,99,110,175,81,91,85,198,200,232,233,344,319,371,372,365,313,548,557,537,519,597,570,504,446,343,122,379,292,449,497,616,627,1520,1260,29972,29973,29972,29973,29974,29974,29973,29973]} 1. d4 Nf6 2. c4 e6 3. g3 d5 4. Bg2 g6 5. Nf3 Bg7 6. O-O O-O 7. Nc3 Nbd7 8. Qb3 c6 9. Bf4 {D78: Fianchetto Grünfeld: 6 0-0 c6} Re8 10. Rfe1 {LiveBook: 4 Games} dxc4 11. Qxc4 {White has an edge.} Nd5 12. Bg5 Qc7 13. e4 Nxc3 14. bxc3 e5 15. Rad1 {[#]} Nb6 $146 ({Predecessor:} 15... b5 16. Qd3 f6 {0-1 (43) Ponfilenok,V (2395)-Kamsky,G (2670) Kazan 2016}) 16. Qc5 f6 17. Bc1 Qf7 18. Qa5 Be6 19. d5 Bd7 20. Nd2 Bf8 ({Better is} 20... cxd5 $1 $15 21. exd5 Rec8) 21. Ba3 $1 $14 Rec8 22. Bxf8 Qxf8 23. f4 Qd6 24. fxe5 fxe5 25. Rc1 Kg7 26. c4 $1 {[%cal Rc4c5] Hoping for c5.} c5 27. Qa3 Rf8 28. Rf1 Na4 29. Qe3 a6 30. h4 h6 31. Kh2 Rxf1 32. Rxf1 Rf8 33. Rxf8 Qxf8 34. Bh3 Bxh3 35. Kxh3 b5 36. Nf3 (36. Kg2 $14) 36... Qf6 (36... bxc4 $11 {keeps the balance.} 37. Nxe5 Qf1+ 38. Kh2 c3) 37. cxb5 $1 $16 axb5 38. Kg2 $36 {[%mdl 2048] White is on the roll.} b4 39. Qd3 {aiming for d6.} Nb6 (39... Nc3 $16 {was necessary.}) 40. Qb5 (40. h5 $1 $18 {and White stays clearly on top.}) 40... Qd6 41. Ne1 Nd7 {[#]} (41... h5 $16) 42. Qc6 $1 $18 {[%cal Rc6d6]} Qe7 43. Nd3 h5 (43... g5 $142 44. Qc7 Kf8) 44. Kf3 Qf7+ 45. Ke3 Kh6 46. Ke2 ({Less strong is} 46. Nxc5 Nxc5 47. Qxc5 Qf1 $16) 46... Qe7 $2 (46... Kg7 {is a better defense.} 47. Nxc5 Nxc5 48. Qxc5 Qb7) 47. Qe6 Qg7 48. Qd6 Kh7 49. Nxc5 Nxc5 50. Qxc5 {[%mdl 4096] Endgame KQ-KQ} Qb7 51. Kd3 $2 (51. Kd2 $18) 51... Qa6+ $2 {[%mdl 8192]} (51... b3 $16 52. axb3 Qxb3+ 53. Qc3 Qb1+ 54. Qc2 Qb6) 52. Qc4 Qb6 {[#]} (52... Qa3+ {might work better.} 53. Qb3 Qa6+ 54. Ke3 Qb6+ 55. Ke2 Qd4) 53. Kc2 $1 Qf2+ 54. Kb3 Qxg3+ 55. Kxb4 Qxh4 56. d6 {White mates.} Kh6 57. Kb5 Qg4 58. Qc6 Qe2+ 59. Kb6 {Precision: White = 66%, Black = 30%.} 1-0

[Event "Lotto POL-ch 2018"]
[Site "Warsaw"]
[Date "2018.05.20"]
[Round "9"]
[White "Wojtaszek, Radoslaw"]
[Black "Sadzikowski, Daniel"]
[Result "1/2-1/2"]
[WhiteElo "2750"]
[BlackElo "2588"]
[Annotator "TA"]
[PlyCount "95"]
[EventDate "2018.??.??"]
[EventType "tourn"]
[EventCountry "POL"]
[SourceTitle "playchess.com"]
[Source "ChessBase"]
[SourceQuality "1"]

{[%evp 21,95,45,64,51,60,60,54,58,60,59,44,46,77,80,77,76,101,98,87,26,27,19,33,28,31,23,62,41,66,54,72,25,21,18,10,16,40,29,41,9,50,2,8,-29,-39,-31,-27,-37,-34,-33,-34,-40,-33,-22,-10,-37,-22,-13,-10,-10,-6,-31,-12,-13,-7,-7,-6,-4,0,0,0,0,0,0,0,0]} 1. d4 e6 2. c4 f5 3. g3 Nf6 4. Bg2 d5 5. Nf3 Bd6 6. O-O O-O 7. Nc3 c6 8. Qc2 Qe7 9. Rb1 {A90: Dutch Defence: Miscellaneous and Modern Stonewall (with ...Bd6)} Bd7 10. c5 Bc7 11. b4 Ne4 {LiveBook: 13 Games} 12. Nxe4 $146 ({Predecessor:} 12. b5 Nxc3 13. bxc6 Bxc6 14. Qxc3 Nd7 15. Bf4 Bxf4 16. gxf4 Rfc8 {½-½ (33) Smirnov,P (2610)-Bareev,E (2663) Novosibirsk 2012}) 12... fxe4 13. Bg5 Qf7 14. Ne5 Bxe5 15. dxe5 Be8 16. f3 {[%cal Bf2f3,Bf3e4][%mdl 32]} Nd7 17. fxe4 Qh5 18. Rxf8+ Kxf8 19. Rf1+ Kg8 20. Qd2 (20. h4 $16) 20... Nxe5 $11 21. exd5 exd5 22. Qe3 Nf7 $1 ({Much worse is} 22... Ng4 $6 23. Qe6+ Bf7 {[#]} 24. Rxf7 $1 $16 {[%mdl 512]}) 23. Bf4 {[#] Hoping for Qe7.} Qg4 24. Bf3 Qd7 25. Qd4 Qe6 26. Bc1 {Bb2 is the strong threat.} Qe5 27. Qd2 Bd7 28. Bg2 Rd8 29. Bb2 Qg5 30. Rf4 Bc8 31. Qd4 Qg6 32. e4 {[%cal Re4d5]} Ng5 {And now ...Ne6 would win.} 33. Rf1 {[%cal Re4d5]} Bh3 34. exd5 Bxg2 35. Kxg2 {aiming for d6.} Rxd5 36. Qe3 $1 Rd3 37. Qe5 {Qb8+ would kill now.} h6 {Threatens to win with ...Rd2+.} 38. Rf2 Rd5 39. Qf4 Kh7 40. h4 Ne6 41. Qe3 a5 42. a3 $1 {The position is equal.} ({Much weaker is} 42. Re2 Rd3 $17) 42... h5 (42... Rd3 {keeps more tension.} 43. Qe5 Qg4 44. Bc3 Kg8 45. Kh2 Qc4) 43. Rd2 Rxd2+ 44. Qxd2 a4 45. Kf2 Qe4 46. Qd1 Kg6 47. Bc3 Nc7 48. Qd6+ {Precision: White = 59%, Black = 57%.} 1/2-1/2

[Event "Lotto POL-ch 2018"]
[Site "Warsaw"]
[Date "2018.05.20"]
[Round "9"]
[White "Duda, Jan-Krzysztof"]
[Black "Bartel, Mateusz"]
[Result "1/2-1/2"]
[WhiteElo "2724"]
[BlackElo "2604"]
[Annotator "TA"]
[PlyCount "84"]
[EventDate "2018.??.??"]
[EventType "tourn"]
[EventCountry "POL"]
[SourceTitle "playchess.com"]
[Source "ChessBase"]
[SourceQuality "1"]

{[%evp 13,84,12,4,5,61,52,65,73,83,78,77,72,40,35,110,72,79,37,44,10,84,15,18,-6,-5,-37,-30,-86,-99,-83,-34,-111,-115,-120,-121,-95,-117,-120,-52,-59,-55,-71,-59,-146,-147,-157,-145,-156,-150,-140,0,-138,0,-137,-137,-176,-164,-155,-87,-102,-24,-31,0,0,0,0,0,0,0,0,0,0,17]} 1. Nf3 d5 2. c4 d4 3. b4 g5 (3... c5 4. g3 cxb4 5. a3 b3 6. d3 Nc6 7. Nbd2 e5 8. Bg2 Nf6 9. Nxb3 Be7 10. O-O O-O 11. Bg5 Rb8 12. Ne1 Bd7 13. Nc2 {½-½ (38) Adhiban,B (2655)-Anand,V (2767) Wijk aan Zee 2018}) 4. Bb2 Bg7 5. Nxg5 e5 6. Ne4 {A09: Réti Opening: 1 Nf3 d5 2 c4} f5 7. Nc5 b6 {LiveBook: 3 Games} 8. Nd3 $146 {Black should prevent e3.} ({Predecessor:} 8. Qa4+ c6 9. Nb3 Ne7 10. e3 O-O {½-½ (53) Iturrizaga Bonelli,E (2653)-Sulskis,S (2544) Tromsoe 2014}) 8... Bb7 (8... Ne7 $11) 9. e3 $14 {And now Qh5+ would win.} Qh4 10. exd4 exd4 11. Na3 Ne7 12. Qa4+ Nd7 13. O-O-O Bc6 ({Black should play} 13... a5 $1 $14) 14. Qc2 a6 15. f3 O-O $1 16. Kb1 f4 (16... Bb7 $11) 17. Nc1 (17. Qb3 $16) 17... Bb7 $1 $11 18. Qa4 Rfd8 19. Nc2 c5 $36 {[%mdl 2048] White is under pressure.} 20. a3 (20. bxc5 $11 {remains equal.} bxc5 21. Re1) 20... a5 $17 21. b5 Ne5 22. Nd3 {[#]} (22. Ne1 $1 $15) 22... Nxf3 $1 {[%mdl 512]} 23. Be2 (23. gxf3 Bxf3) 23... Ng5 24. Nce1 Ng6 25. Nf3 Nxf3 (25... Qg4 $17 26. Rdg1 Re8) 26. Bxf3 $15 Bxf3 27. gxf3 Re8 28. Qc2 {[#]} (28. Rdg1 $15) 28... Qh3 $1 $17 29. Rdf1 Re2 30. Nc1 Re6 ({But not} 30... Rxh2 31. Qe4 $15) 31. Nd3 Re2 32. Nc1 $1 {[%cal Rc1e2]} Re6 33. Nd3 $1 Rae8 34. Qb3 Re2 35. Nf2 Qh4 (35... a4 $142 36. Qd3 Qg2) 36. Ne4 Rxh2 (36... R8xe4 $17 37. fxe4 Rxd2) 37. Qd1 $11 Rxh1 38. Rxh1 {The position is equal.} Qe7 39. Qf1 Qd7 40. d3 Re5 41. Bc1 Qf5 42. Qg2 Re7 {Precision: White = 38%, Black = 46%.} 1/2-1/2

[Event "Lotto POL-ch 2018"]
[Site "Warsaw"]
[Date "2018.05.20"]
[Round "9"]
[White "Gajewski, Grzegorz"]
[Black "Socko, Bartosz"]
[Result "1/2-1/2"]
[WhiteElo "2599"]
[BlackElo "2593"]
[Annotator "TA"]
[PlyCount "61"]
[EventDate "2018.??.??"]
[EventType "tourn"]
[EventCountry "POL"]
[SourceTitle "playchess.com"]
[Source "ChessBase"]
[SourceQuality "1"]

{[%evp 18,61,41,21,45,29,28,22,56,59,57,67,101,108,91,98,95,18,24,5,5,8,11,0,8,8,100,104,102,97,107,83,79,77,74,93,107,117,123,118,101,0,107,0,100,0]} 1. c4 e5 2. Nc3 Nc6 3. Nf3 Nf6 4. g3 g6 5. d4 exd4 6. Nxd4 Bg7 7. Nxc6 bxc6 8. Bg2 O-O 9. O-O Rb8 10. Qc2 {LiveBook: 3 Games. A29: English Opening: Four Knights Variation with 4 g3} (10. Qa4 a6 11. Rd1 Qe7 12. Qc2 Bb7 13. b3 Rfe8 14. Bb2 c5 15. Bxb7 Rxb7 16. e3 d6 17. Nd5 Nxd5 18. Rxd5 {1-0 (67) Ganguly,S (2650)-Sethuraman,S (2646) Riadh 2017}) 10... Qe7 11. Bf4 d5 $146 ({Predecessor:} 11... Nh5 12. Be3 Qb4 13. Na4 Qa5 14. Rad1 d5 15. b3 Bf5 16. Qc1 Be6 17. cxd5 cxd5 {0-1 (71) Ploog,M (2109)-Eschholz,E (2175) Verden 2016}) 12. cxd5 {White has an edge.} cxd5 13. Rad1 (13. Bxd5 Bf5 $11) 13... Bf5 14. Qc1 Rbd8 15. Nxd5 Nxd5 16. Bxd5 Qxe2 {[#]} 17. Rfe1 ({But not} 17. Qxc7 $2 Rxd5 18. Rde1 (18. Rxd5 $2 Bh3 $19) 18... Qb5 $19) (17. Rd2 $1 $16 Qe7 18. Re1 (18. Qxc7 Qxc7 19. Bxc7 Rd7 $14)) 17... Qb5 $1 $11 18. Bb3 {Rxd8 is the strong threat.} Rxd1 19. Qxd1 Bh3 20. Re7 Bd4 21. Rxc7 g5 (21... Qe8 $11 {remains equal.} 22. Bd5 Qb5) 22. Bd6 $36 {[%cal Bf4d6,Bd6f8,Bf8h6][%mdl 2080] White is in control.} Bb6 {[#] Threatens to win with ...Qf5.} ({Wrong is} 22... Qb6 $2 23. Rxf7 Rxf7 24. Qf3 $18 (24. Bxf7+ $2 Kg7 $19)) 23. Bxf8 Bxc7 24. Bh6 Bb6 {Black wants to play ...Qf5.} 25. Qc1 Bd8 26. Qc4 Qb7 {[%csl Gh3][%cal Rb7g2]} 27. Qd5 {[%cal Rd5d8]} Qe7 {[%cal Re7e1]} 28. Qd2 Qf6 29. Qd5 {aiming for Bxg5!} Qe7 {[%cal Re7e1]} 30. Qd2 Qf6 31. Qd5 {Precision: White = 41%, Black = 53%.} ({Better is} 31. Bc4 $16) 1/2-1/2

[Event "Lotto POL-ch 2018"]
[Site "Warsaw"]
[Date "2018.05.20"]
[Round "9"]
[White "Mista, Aleksander"]
[Black "Piorun, Kacper"]
[Result "1-0"]
[WhiteElo "2590"]
[BlackElo "2633"]
[Annotator "TA"]
[PlyCount "101"]
[EventDate "2018.??.??"]
[EventType "tourn"]
[EventCountry "POL"]
[SourceTitle "playchess.com"]
[Source "ChessBase"]
[SourceQuality "1"]

{[%evp 14,101,56,52,55,56,56,39,71,60,160,65,69,44,114,50,41,33,60,51,54,31,50,44,59,56,74,86,97,84,98,92,111,62,49,52,59,12,21,12,12,12,12,8,14,12,50,8,8,8,13,15,57,41,45,22,87,92,220,199,257,262,445,438,438,431,411,304,394,291,341,277,527,516,422,452,12799,6085,29958,29960,29960,29958,29959,29960,29963,29965,29965,29965,29951,12812]} 1. e4 e5 2. Nf3 Nc6 3. Bb5 a6 4. Ba4 d6 5. O-O Bd7 6. d4 exd4 {C72: Ruy Lopez: Deferred Steinitz: 5 0-0} (6... Nxd4 7. Bxd7+ Qxd7 8. Nxd4 exd4 9. Qxd4 Nf6 10. Nc3 Be7 11. b3 O-O 12. Bb2 c6 13. Ne2 Rfe8 14. Ng3 Bf8 15. Rad1 Qe6 16. Rfe1 Qe5 17. c4 Qxd4 18. Bxd4 {1-0 (32) Ma,Q (2645)-Demchenko,A (2679) Surakarta 2018}) 7. Bxc6 bxc6 8. Qxd4 {LiveBook: 7 Games} c5 {White is slightly better.} 9. Qd3 Ne7 10. Re1 $146 ({Predecessor:} 10. Nc3 Ng6 11. b3 Be7 12. Nd5 O-O 13. Bb2 f6 14. Nd2 {1-0 (32) Georgiadis,I (2438)-Halkias,S (2564) Katakolo 2009}) 10... f6 11. Nc3 g6 {[#]} (11... Ng6 $14) 12. Nd5 (12. e5 $1 $16 {[%cal Re5f6]} dxe5 13. Ne4) 12... Bg7 $14 13. Bf4 Be6 ({Black should try} 13... Nc6 $1 $14) 14. c3 (14. b4 $16) 14... O-O 15. b4 cxb4 16. cxb4 Bf7 17. Rac1 $36 {[%mdl 2048] White fights for an advantage.} Nxd5 18. exd5 Qd7 19. a3 Rfe8 20. Rxe8+ Rxe8 21. h3 g5 22. Be3 h5 23. Qc4 g4 24. hxg4 hxg4 25. Nd4 f5 26. Ne6 ({Don't blunder} 26. Qxc7 $2 Qxc7 27. Rxc7 f4 $19) 26... Bxe6 27. dxe6 Qxe6 28. Qxe6+ Rxe6 29. Rxc7 $11 {[%mdl 4096] Endgame KRB-KRB} Be5 30. Rc6 f4 31. Bd2 g3 $1 32. Kf1 Bd4 33. fxg3 fxg3 34. Be1 Rf6+ (34... Be5 $1 $11) 35. Ke2 $16 Re6+ {[#]} (35... Bf2 $16) 36. Kd1 $1 $18 Be5 (36... Kf7 $142 37. Rxa6 Bf2) 37. Rxa6 Re7 $2 (37... Kf7 38. Ra7+ Ke8) 38. b5 Kf7 39. a4 {[%cal Ba3a4,Ba4a5,Ba5a6,Ba6a7][%mdl 32]} Ke6 40. Rc6 Rb7 41. Rc4 Rb8 42. Rg4 Kf5 $2 (42... Kd5 43. Bxg3 Bxg3) 43. Rb4 Ke6 44. a5 Kd5 (44... Kd7 $142 45. Rb3 Kc7) 45. a6 Kc5 46. a7 {White mates.} Ra8 47. b6 d5 48. Rb3 Kc6 49. Bxg3 Bxg3 50. Rxg3 Kxb6 51. Ra3 {Precision: White = 68%, Black = 33%.} (51. Rb3+ $142 Kc5 52. Ra3 Kd6 53. Kd2 Ke6 54. Kd3 Ke5 55. Ra2 Kd6 56. g4) 1-0

[Event "Lotto POL-ch 2018"]
[Site "Warsaw"]
[Date "2018.05.20"]
[Round "9"]
[White "Tomczak, Jacek"]
[Black "Krasenkow, Michal"]
[Result "1/2-1/2"]
[WhiteElo "2589"]
[BlackElo "2628"]
[Annotator "TA"]
[PlyCount "46"]
[EventDate "2018.??.??"]
[EventType "tourn"]
[EventCountry "POL"]
[SourceTitle "playchess.com"]
[Source "ChessBase"]
[SourceQuality "1"]

{[%evp 18,46,28,11,20,24,23,15,24,27,33,22,82,82,79,68,96,87,160,84,233,205,291,161,171,0,289,0,162,0,162]} 1. e4 e5 2. Nf3 Nc6 3. Bb5 Nf6 4. O-O Nxe4 5. Re1 Nd6 6. Nxe5 Be7 7. Bf1 Nf5 {C67: Ruy Lopez: Berlin Defence: 4 0-0 Nxe4} (7... Nxe5 8. Rxe5 O-O 9. Nc3 Ne8 10. Nd5 Bd6 11. Re1 c6 12. Ne3 Bc7 13. Nf5 d5 14. Ne7+ Kh8 15. Nxc8 Rxc8 16. d3 Nf6 {½-½ (27) Mamedov,R (2704)-Mamedyarov,S (2814) Shamkir 2018}) 8. Nf3 O-O 9. d4 d5 10. Bf4 {LiveBook: 12 Games} g5 $146 ({Predecessor:} 10... Bd6 11. Bxd6 Nxd6 12. Nc3 Ne7 13. h3 c6 14. Bd3 Bf5 15. Qd2 {½-½ (34) Grandelius,N (2643)-Vallejo Pons,F (2711) Doha 2016}) 11. Bc1 g4 12. Ne5 Nxe5 13. dxe5 h5 14. Nc3 Be6 (14... c6 $11) 15. Bd3 $16 Ng7 16. Ne2 c5 {Strongly threatening ...c4.} 17. c3 $1 Qb6 (17... Bg5 $142) 18. Be3 (18. Bh6 $142) 18... Qxb2 (18... Qc7 $16 {was necessary.}) 19. Rb1 $18 Qxa2 (19... Qa3 $142 20. Qc2 (20. Rxb7 c4 $14) 20... b6) 20. Ra1 ({Not} 20. Rxb7 Rfe8 $14) (20. Qc1 $142) 20... Qb2 {[#]} 21. Rb1 (21. Bh6 $142 $1) 21... Qa2 $1 {[#]} 22. Ra1 ({Weaker is} 22. Rxb7 Rfe8 $14) (22. Qc1 $142 $1) 22... Qb2 23. Rb1 {[%mdl 1024] White has strong compensation.} Qa2 $1 {Precision: White = 39%, Black = 43%.} 1/2-1/2